[Event "CRO U20 1 liga"]
[Site "Cakovec"]
[Date "2020.07.19"]
[Round "11.6"]
[White "Matota, Dominik"]
[Black "Radenic, Filip"]
[Result "1/2-1/2"]
[WhiteElo "1807"]
[BlackElo "2134"]
[PlyCount "110"]
[EventDate "2020.??.??"]
[WhiteClock "1:30:00"]
[BlackClock "1:30:00"]

{[%evp 0,110,22,18,100,77,91,111,93,76,65,91,94,63,66,61,81,12,53,41,46,23,53,
14,23,-9,13,-16,33,33,-27,6,-31,-56,-89,-122,-99,-122,-69,-69,-79,-68,-61,-99,
-99,-104,-97,-79,-79,-86,-51,-99,-119,-143,-148,-174,-119,-130,-97,-97,-86,-90,
-86,-81,-91,-67,-70,-50,-16,-25,-9,-63,20,20,20,3,3,3,3,0,0,-1,34,-7,-16,0,0,
-62,-81,-93,-93,-93,-63,-85,-61,-97,-101,-149,-91,-114,-84,-92,-3,-5,-5,-5,-5,
-5,-5,-5,-5,-3,0]} 1. e4 c5 2. Nf3 d6 3. d4 cxd4 4. Nxd4 Nf6 5. Nc3 a6 6. Be2
e5 7. Nb3 Be6 8. f3 Nbd7 9. Be3 Be7 10. Qd2 b5 11. g4 Nb6 12. Na5 Rc8 13. a3 d5
14. g5 d4 15. gxf6 Bxf6 16. O-O-O dxe3 17. Qxd8+ Rxd8 18. Nb7 Rxd1+ 19. Rxd1
Be7 20. Nd6+ Kf8 21. Nb7 g6 22. Nd5 Nxd5 23. exd5 Bc8 24. Na5 Bd6 25. h4 Ke7
26. Rd3 Bc5 27. c4 bxc4 28. Nxc4 Bf5 29. Rb3 Rc8 30. Nxe5 Kd6 31. Nxf7+ Kxd5
32. Bxa6 Rc7 33. Rc3 Re7 34. Bc4+ Kd4 35. Kd1 Bxa3 36. Rxa3 Kxc4 37. Nd6+ Kd5
38. Nxf5 gxf5 39. Ra5+ Ke6 40. f4 Kf6 41. Ra6+ Kg7 42. Ra5 Kg6 43. h5+ Kxh5 44.
Rxf5+ Kg4 45. Re5 Rb7 46. Rxe3 Rxb2 47. Ke1 h5 48. Kf1 h4 49. Kg1 Rb4 50. Kh2
Rxf4 51. Kg2 Rd4 52. Kh2 Rd2+ 53. Kg1 h3 54. Kh1 Rg2 55. Rxh3 Kxh3 1/2-1/2

[Event "CRO U20 1 liga"]
[Site "Cakovec"]
[Date "2020.07.19"]
[Round "11.7"]
[White "Troselj, Ivan"]
[Black "Borzan, Matej"]
[Result "1-0"]
[WhiteElo "1857"]
[BlackElo "1746"]
[PlyCount "81"]
[EventDate "2020.??.??"]
[WhiteClock "1:30:00"]
[BlackClock "1:30:00"]

{[%evp 0,81,22,18,72,69,69,73,111,104,94,90,82,66,90,95,92,66,66,104,77,39,51,
46,46,42,55,45,52,59,87,76,83,80,87,90,97,106,110,79,68,59,60,57,74,61,142,70,
165,104,78,75,127,104,155,94,95,93,193,183,229,211,237,257,257,258,290,312,291,
266,289,284,284,267,267,221,221,196,247,200,223,234,241,249]} 1. e4 d6 2. d4
Nf6 3. Nc3 g6 4. Nf3 Bg7 5. Be3 O-O 6. Be2 Nbd7 7. O-O e5 8. dxe5 Nxe5 9. Nxe5
dxe5 10. Qxd8 Rxd8 11. Rad1 Be6 12. f3 h6 13. Nb5 Rd7 14. Rxd7 Bxd7 15. Rd1
Bxb5 16. Bxb5 a6 17. Ba4 b6 18. Bc6 Rb8 19. c4 Bf8 20. a3 a5 21. Kf1 g5 22. Ke2
Bd6 23. Rd3 Kf8 24. Rb3 Rd8 25. c5 bxc5 26. Rb5 Ke7 27. Rxa5 Rb8 28. Rb5 Rxb5
29. Bxb5 Kd8 30. Kd3 Nd7 31. a4 Kc8 32. a5 c6 33. Bxc6 Nb8 34. Bb5 Kb7 35. Kc4
Bc7 36. Bxc5 Bxa5 37. g4 Bd2 38. Bf8 Bf4 39. h3 Nc6 40. Bxc6+ Kxc6 41. Bxh6 1-0

[Event "CRO U20 1 liga"]
[Site "Cakovec"]
[Date "2020.07.19"]
[Round "11.9"]
[White "Karlovcec, David"]
[Black "Damjanovic, Stjepan"]
[Result "0-1"]
[WhiteElo "1655"]
[BlackElo "1867"]
[PlyCount "58"]
[EventDate "2020.??.??"]
[WhiteClock "1:30:00"]
[BlackClock "1:30:00"]

{[%evp 0,58,24,24,25,-16,-16,-22,67,11,45,47,47,-10,28,64,111,129,132,113,138,
186,159,143,191,36,41,-32,-29,-113,-129,-131,-131,-321,-76,-121,-121,-142,-116,
-116,-97,-97,-97,-148,-73,-177,-191,-208,-137,-193,-130,-203,-160,-207,-157,
-478,-438,-1082,-1394,-1394,-1374]} 1. d4 Nf6 2. c4 e6 3. Nf3 c5 4. e3 d5 5.
Nc3 Nc6 6. a3 b6 7. cxd5 Nxd5 8. Bb5 Bb7 9. Qa4 Qd6 10. Ne5 Nde7 11. O-O a6 12.
Bxc6+ Nxc6 13. Nc4 Qd8 14. Rd1 b5 15. Qb3 cxd4 16. exd4 Qc7 17. d5 bxc4 18.
Qxc4 Bd6 19. dxc6 Bxh2+ 20. Kh1 Bxc6 21. Qg4 O-O 22. Bh6 Be5 23. f4 Bf6 24. Rd3
Qa5 25. Rg3 Qf5 26. Qe2 Kh8 27. Bxg7+ Bxg7 28. Rg5 Qh3+ 29. Kg1 Bd4+ 0-1

[Event "CRO U20 1 liga"]
[Site "Cakovec"]
[Date "2020.07.19"]
[Round "11.14"]
[White "Cvitan, Ena"]
[Black "Sundac, Ivano"]
[Result "1-0"]
[WhiteElo "1408"]
[BlackElo "2258"]
[PlyCount "75"]
[EventDate "2020.??.??"]
[WhiteClock "1:25:00"]
[BlackClock "1:30:00"]

{[%evp 0,75,26,26,26,2,-16,-22,-16,-39,-38,-44,-1,0,34,16,51,14,36,-4,-9,43,23,
18,52,44,55,50,29,25,46,8,56,8,8,-34,15,-24,64,11,23,54,72,81,157,158,158,151,
153,153,231,233,249,233,265,250,265,193,248,263,271,278,291,271,277,364,364,
364,364,361,391,387,387,345,402,362,458,405]} 1. d4 d5 2. c4 e6 3. Nc3 Nf6 4.
cxd5 exd5 5. Bg5 Be7 6. e3 c6 7. Bd3 O-O 8. f3 h6 9. Bh4 Nbd7 10. Nge2 Re8 11.
O-O Nf8 12. Qd2 b6 13. Rac1 Bb7 14. Bf2 Rc8 15. Kh1 c5 16. Bf5 Ne6 17. Nf4 Bd6
18. Bg3 Rb8 19. Bxe6 fxe6 20. Nb5 Ba6 21. Nxd6 Qxd6 22. Nd3 Qe7 23. Bxb8 Rxb8
24. Rfe1 c4 25. Ne5 Qe8 26. b3 b5 27. Qa5 Rb6 28. Rb1 Qb8 29. Rec1 Kh7 30. Kg1
Qf8 31. bxc4 dxc4 32. Nxc4 bxc4 33. Rxb6 axb6 34. Qxa6 Nd5 35. Qxc4 Qa3 36. Re1
Qa5 37. Rd1 b5 38. Qd3+ 1-0

[Event "CRO U20 1 liga"]
[Site "Cakovec"]
[Date "2020.07.19"]
[Round "11.15"]
[White "Tomljanovic, Ivano"]
[Black "Ghersinich, Enrico"]
[Result "0-1"]
[WhiteElo "1393"]
[BlackElo "2299"]
[PlyCount "48"]
[EventDate "2020.??.??"]
[WhiteClock "1:30:00"]
[BlackClock "1:30:00"]

{[%evp 0,48,26,18,37,39,26,13,75,3,24,-30,15,-26,20,10,53,10,37,35,62,32,80,-5,
-9,-18,-37,18,-12,-4,-15,-15,-22,-47,-24,-64,-25,-286,-210,-192,-210,-235,-192,
-172,-176,-156,-107,-217,-116,-429,-417]} 1. e4 e6 2. d4 d5 3. exd5 exd5 4. Nf3
Nc6 5. c3 Bd6 6. Bd3 Nge7 7. O-O Bg4 8. Nbd2 Qd7 9. Re1 O-O-O 10. b4 Rde8 11.
Qb3 Ng6 12. Bb2 Nf4 13. Bf1 Qf5 14. g3 Nh3+ 15. Bxh3 Bxh3 16. a4 h5 17. Nh4 Qd3
18. Nf1 Nxd4 19. Qd1 Ne2+ 20. Kh1 Qc4 21. Nd2 Qg4 22. a5 g5 23. a6 b6 24. Ndf3
gxh4 0-1

[Event "CRO U20 1 liga"]
[Site "Cakovec"]
[Date "2020.07.19"]
[Round "11.16"]
[White "Dabic, Stjepan"]
[Black "Kresic, Vid"]
[Result "1-0"]
[WhiteElo "2120"]
[BlackElo "1216"]
[PlyCount "53"]
[EventDate "2020.??.??"]
[WhiteClock "1:30:00"]
[BlackClock "1:30:00"]

{[%evp 0,53,26,26,18,-16,-16,-16,-11,-18,-16,-16,59,37,46,44,71,31,31,31,27,7,
58,46,69,59,54,43,59,30,66,77,106,43,69,81,175,200,218,228,228,222,222,210,503,
299,299,299,772,772,917,29994,29995,29996,29997,29998]} 1. d4 d5 2. c4 e6 3.
Nc3 Bb4 4. Nf3 Nf6 5. Bg5 c5 6. cxd5 exd5 7. e3 Be6 8. Be2 Nc6 9. O-O h6 10.
Bh4 cxd4 11. Nxd4 Be7 12. Nxe6 fxe6 13. Bh5+ Kd7 14. Bf3 g5 15. Bg3 h5 16. h3
Qa5 17. e4 d4 18. e5 Nd5 19. Nxd5 exd5 20. e6+ Kxe6 21. Bxh5 Bf6 22. Qg4+ Ke7
23. Rae1+ Kf8 24. Qe6 Rxh5 25. Qxf6+ Kg8 26. Qg6+ Kf8 27. Bd6+ 1-0

[Event "CRO U20 1 liga"]
[Site "Cakovec"]
[Date "2020.07.19"]
[Round "11.17"]
[White "Sos, Fran"]
[Black "Alfirevic, Duje"]
[Result "1/2-1/2"]
[WhiteElo "2024"]
[BlackElo "1994"]
[PlyCount "47"]
[EventDate "2020.??.??"]
[WhiteClock "1:27:00"]
[BlackClock "1:30:00"]

{[%evp 0,47,26,18,18,18,50,50,50,-52,-10,-49,-35,-91,-98,-19,14,2,13,-3,13,45,
47,36,36,15,78,-8,-12,-38,-2,-24,-6,-35,-23,-72,-31,-46,-27,-36,-59,-51,-3,13,
5,-14,-10,-2,-9,9]} 1. e4 e5 2. Nf3 Nc6 3. d4 exd4 4. Bc4 Nf6 5. O-O Nxe4 6.
Re1 d5 7. Bxd5 Qxd5 8. Nc3 Qh5 9. Nxe4 Be6 10. Bg5 Bd6 11. Nxd6+ cxd6 12. Bf4
O-O 13. Qd2 Qc5 14. a3 a5 15. Rac1 Bg4 16. Ng5 Bf5 17. c3 h6 18. cxd4 Qxd4 19.
Qxd4 Nxd4 20. Ne4 Bxe4 21. Rxe4 Ne6 22. Bxd6 Rfd8 23. Be5 Rd5 24. Bc3 1/2-1/2

[Event "CRO U20 1 liga"]
[Site "Cakovec"]
[Date "2020.07.19"]
[Round "11.18"]
[White "Dumancic, Simun"]
[Black "Kanizaj, Benjamin"]
[Result "0-1"]
[WhiteElo "1920"]
[BlackElo "1983"]
[PlyCount "104"]
[EventDate "2020.??.??"]
[WhiteClock "1:30:00"]
[BlackClock "1:30:00"]

{[%evp 0,104,26,18,61,61,111,93,65,65,108,82,86,39,39,45,42,39,40,54,34,20,36,
-6,40,28,37,37,37,36,50,34,23,-17,-19,-120,-157,-312,-298,-375,-217,-233,-271,
-271,-208,-209,-209,-204,-208,-224,-225,-211,-210,-236,-218,-228,-219,-220,
-188,-205,-183,-195,-195,-200,-192,-203,-174,-192,-198,-206,-206,-204,-168,
-182,-168,-239,-168,-176,-162,-182,-210,-210,-208,-220,-242,-251,-250,-253,
-258,-258,-258,-258,-204,-221,-225,-221,-81,-105,-105,-91,-84,-84,-69,-276,-81,
-83,-69]} 1. e4 c5 2. Nf3 d6 3. d4 cxd4 4. Qxd4 Nc6 5. Bb5 Bd7 6. Bxc6 Bxc6 7.
Nc3 e6 8. Bg5 Nf6 9. O-O-O Be7 10. Rhe1 O-O 11. e5 Nd5 12. Bxe7 Qxe7 13. exd6
Qxd6 14. Ne4 Qc7 15. Ne5 Rac8 16. Nxc6 Qxc6 17. Re2 Qa6 18. Red2 Qxa2 19. b3
Qxb3 20. Qb2 Qxb2+ 21. Kxb2 Rc4 22. Rd4 Rfc8 23. Rxc4 Rxc4 24. Nd6 Rc6 25. Ne4
g6 26. g4 Rc4 27. f3 Kg7 28. c3 h6 29. Ra1 a6 30. Kb3 Rc6 31. c4 Nf6 32. Nf2 b5
33. cxb5 axb5 34. Ra5 Nd5 35. Ne4 b4 36. Ra7 g5 37. Rd7 Nf6 38. Nxf6 Kxf6 39.
Kxb4 Rc2 40. h3 Rh2 41. Kc4 Rxh3 42. Rd3 h5 43. gxh5 Rxh5 44. Re3 Rh4+ 45. Kd3
Rf4 46. Ke2 Kf5 47. Ra3 g4 48. Ra5+ e5 49. fxg4+ Rxg4 50. Kf3 f6 51. Ra6 Rb4
52. Ra3 Kg5 0-1

[Event "CRO U20 1 liga"]
[Site "Cakovec"]
[Date "2020.07.19"]
[Round "11.19"]
[White "Borzan, Andrej"]
[Black "Sagovac, Kristijan"]
[Result "1/2-1/2"]
[WhiteElo "1983"]
[BlackElo "1835"]
[PlyCount "27"]
[EventDate "2020.??.??"]
[WhiteClock "1:15:00"]
[BlackClock "1:30:00"]

{[%evp 0,27,26,34,20,-22,-22,-16,30,4,28,68,68,45,45,30,47,22,72,50,34,34,28,
55,95,41,47,24,30,-9]} 1. d4 Nf6 2. c4 e6 3. Nf3 Bb4+ 4. Bd2 Bxd2+ 5. Nbxd2 d5
6. cxd5 exd5 7. e3 Bf5 8. Qb3 b6 9. Bd3 Bxd3 10. Qxd3 O-O 11. O-O Qd6 12. Rac1
Nbd7 13. Rfe1 Rfe8 14. b4 1/2-1/2

[Event "CRO U20 1 liga"]
[Site "Cakovec"]
[Date "2020.07.19"]
[Round "11.20"]
[White "Markovic, Patrik"]
[Black "Colev, Ivor"]
[Result "0-1"]
[WhiteElo "1464"]
[BlackElo "1901"]
[PlyCount "74"]
[EventDate "2020.??.??"]
[WhiteClock "1:30:00"]
[BlackClock "1:30:00"]

{[%evp 0,74,26,28,61,61,95,65,108,108,115,83,72,80,73,64,42,45,45,-85,-53,-53,
-53,-44,-45,-79,-75,-124,-60,-92,-19,-165,-115,-115,-47,-59,-33,-30,278,138,50,
-64,-64,-46,-83,-269,69,-18,1,-11,-11,-11,63,-86,-9,-127,-25,-75,-20,-480,-459,
-459,-459,-459,-502,-502,-502,-558,-404,-721,-498,-467,-411,-613,-613,-824,
-838]} 1. e4 c5 2. Nf3 d6 3. d4 cxd4 4. Qxd4 Bd7 5. Be3 Nc6 6. Qd2 Nf6 7. Nc3
g6 8. O-O-O Ng4 9. Bd4 Bh6 10. Be3 Nxe3 11. fxe3 Bg7 12. h4 O-O 13. Nd5 a5 14.
h5 Nb4 15. a3 Nxd5 16. exd5 b5 17. hxg6 hxg6 18. Qf2 b4 19. Qh4 Re8 20. Qh7+
Kf8 21. Nd4 bxa3 22. bxa3 e5 23. dxe6 Bxe6 24. Nxe6+ Rxe6 25. Bc4 Rf6 26. Rhf1
Rb8 27. Qh2 Kg8 28. Qh4 Qb6 29. Qe4 d5 30. Bxd5 Rxf1 31. Rxf1 Qb1+ 32. Kd2 Qxf1
33. Qxg6 Qf6 34. Qe4 Rd8 35. Ke2 Qe5 36. Bxf7+ Kxf7 37. Qb7+ Kg8 0-1